header

Identity in democracy (Record no. 17530)

MARC details
000 -LEADER
fixed length control field 01133nam a2200313Ia 4500
100 1# - MAIN ENTRY--AUTHOR NAME
Personal name Gutmann, Amy.
245 10 - TITLE STATEMENT
Title Identity in democracy
260 ## - PUBLICATION, DISTRIBUTION, ETC. (IMPRINT)
Place of publication Princeton :
Name of publisher Princeton University Press,
Year of publication c2003.
300 ## - PHYSICAL DESCRIPTION
Number of Pages 246 p.
500 ## - GENERAL NOTE
General note Includes bibliographical references and index.
650 #0 - SUBJECT ADDED ENTRY--TOPICAL TERM
Topical Term Pressure groups.
Topical Term Group identity.
Topical Term Democracy.
856 40 - ELECTRONIC LOCATION AND ACCESS
Uniform Resource Identifier http://site.ebrary.com/lib/rucke/Doc?id=10284199

No items available.

© 2026 Rongo University
Contact us: librarian | system librarian | Rongo university